| 000 | 00962nam a2200241 a 4500 | ||
|---|---|---|---|
| 008 | 951027s1990||||[C 0 ger c | ||
| 020 |
_a8008008660 _c14 Kčs. _q(20000 výtl.) |
||
| 040 |
_aSNK _bslo _cSNK _eAACR2 |
||
| 041 | 1 |
_aslo _hger |
|
| 080 | _a372.880.30(075.2) | ||
| 100 | 1 |
_aPavlíková, Šarlota _4aut |
|
| 245 | 1 | 0 |
_aNemčina 4 pre 6. ročník tried s rozšíreným vyučovaním jazykov na základnej škole _cŠarlota Pavlíková, Oľga Slivková ; Tatiana Žitňanová, Dagmar Petrášková, Miroslava Smižanská |
| 250 | _a2., vyd. | ||
| 260 |
_aBratislava _bSPN _c1990 _ePrešov _fDuklianske tlačiarne |
||
| 300 |
_a264 s., 13,54 AH _bIlustr. Noty. _c21 cm |
||
| 500 | _aIlustr. na front. Nem.-slov. a slov.-nem. slovník. Schválilo MŠ SSR. | ||
| 700 | 1 |
_aSlivková, Oľga _4aut |
|
| 700 | 1 |
_aŽitňanová, Tatiana _4bkd |
|
| 700 | 1 |
_aPetrášková, Dagmar _4bkd |
|
| 700 | 1 |
_aSmižanská, Miroslava _4bkd |
|
| 044 |
_axo _cSK |
||
| 958 | _aA | ||
| 999 |
_c19170 _d19170 |
||